000 00890nam a2200121Ia 4500
008 220620s9999||||xx |||||||||||||| ||und||
245 0 _aJus Post Bellum: Mapping the Normative Foundations
546 _aEnglish[eng]
650 _apeace agreements||peacebuilding||jus ad bellum||responsibility to protect||transitional justice||environmental law||jus post bellum||amnesty law||human rights law||jus in bello||peace agreements||peacebuilding||jus ad bellum||responsibility to protect||transitional justice||environmental law||jus post bellum||amnesty law||human rights law||jus in bello||Conflict resolution||International law||Law of war||United Nations||War
700 _aStahn, Carsten||Iverson, Jens||S. Easterday, Jennifer
856 _uhttps://library.oapen.org/bitstream/20.500.12657/31901/1/622852.pdf||https://library.oapen.org/bitstream/20.500.12657/31901/1/622852.pdf
942 _cEB
999 _c22714
_d22714